The new Asian way : rebuilding Asia through self-reliance
| Main Author: | |
|---|---|
| Format: | Book |
| Published: |
Subang Jaya :
Pelanduk Publications ,
1999
|
| Subjects: |
MARC
| LEADER | 00000cam a2200000 7i4500 | ||
|---|---|---|---|
| 001 | 0000008518 | ||
| 005 | 20021120.0 | ||
| 020 | |a 9679786927 | ||
| 040 | |a INS | ||
| 090 | 0 | 0 | |a HC412. |b F6295 1999 |
| 100 | 0 | |a Foong Wai Fong | |
| 245 | 1 | 4 | |a The new Asian way : |b rebuilding Asia through self-reliance |c Foong Wai Fong |
| 260 | |a Subang Jaya : |b Pelanduk Publications , |c 1999 | ||
| 300 | |a 311p ; |c 22 cm. | ||
| 651 | 0 | |a Asia |x Economic conditions | |
| 651 | 0 | |a Asia |x Politics and government | |
| 651 | 0 | |a Asia |x Social conditions | |
| 999 | |a 0000008116 |b BOOK |c Open Shelf |e Default branch | ||